Music Quiz

Random Music or Lyrics Quiz

Opening Nirvana Lyrics Quiz Stats

 Plays Quiz not verified by Sporcle

Also try: Woodstock Bands
Challenge
Share
Tweet
Embed
Score 0/21 Timer 08:00
0 Plays Today
Lyrics Song % Correct
I'm so happy, 'cause today I found my friendsLithium
96.2%
(Song title), as you were, as I want you to beCome As You Are
92.8%
(Song title) wants a cracker, I think I should get off her firstPolly
91.9%
Load up on guns, bring your friendsSmells Like Teen Spirit
91.4%
She eyes me like a Pisces when I am weakHeart Shaped Box
86.6%
Sell the kids for food, weather changes moodsIn Bloom
80.2%
What else should I be, (song title)All Apologies
78.9%
One baby to another says 'I'm lucky to have met you'Drain You
73.5%
My girl, my girl, don't lie to me...Where Did You Sleep Last Night?
72.6%
Underneath the bridge, tarp has sprung a leakSomething in the Way
71.2%
I need an easy friend, I do, with an ear to lendAbout a Girl
70.6%
Lyrics Song % Correct
I don't care, I don't care, I don't care...Breed
67.9%
I'm not like them, but I can pretendDumb
65.7%
Mom and Dad went to a show...Sliver
65.3%
I will never bother you, I will never promise toYou Know You're Right
54.9%
I'll start this off without any wordsOn a Plain
51.8%
I'm on my time with everyonePennyroyal Tea
51.1%
When I was an alien, cultures weren't opinionsTerritorial Pissings
51.1%
Teenage angst has paid off well, now I'm bored and oldServe the Servants
49.7%
(Song title), (song title), my friendRape Me
47.1%
It's so relieving, to know that you're leaving...Frances Farmer Will Have Her Revenge On Seattle
46%

You're not logged in!

Compare scores with friends on all Sporcle quizzes.
OR
Log In

You Might Also Like...

Show Comments

Extras

Created Mar 13, 2010ReportNominate
Tags:Lyrics Quiz, Song Quiz, nirvana

Top Quizzes Today


Score Distribution

Your Account Isn't Verified!

In order to create a playlist on Sporcle, you need to verify the email address you used during registration. Go to your Sporcle Settings to finish the process.

Report this User

Report this user for behavior that violates our Community Guidelines.

Details: